000 00545nam a2200205 a 4500
001 BRL_304
005 20190320210658.0
008 230713s19uu----gw-#######---#000-0#ger-#
041 _ager
044 _agw
050 4 _aTX767.C5
_bD54 1900
245 1 0 _aDie Besten Schokoladen Rezepte
260 _a[Alemania]
_b[s.n.]
_c[19--]
300 _a40 p.
_c15 cm.
500 _aEstado fĂ­sico: presenta rasgadura en la portada y faltantes en el lomo
500 _aAu2336
650 1 4 _aChocolate (Cocina)
_923500
902 _aGRL
942 _2lcc
_cB
999 _c9117
_d9117